00476nam a2200193 a 4500001001300000003000900013005001700022008004100039020002300080082001300103100001900116245001000135260003400145300000900179500003500188650002000223650002000243700001900263nice12345678IN_TiNIC20260116014403.0050524s2008 lona grp 000 0 eng  a9780099535331c32300a823bMOR aMorrison, Toni aMercy aLondon bVintage Books c2008 a165p aincludes index and biblioraphy aEnglish-Fiction aFiction-English1 aMorrison, Toni